000 00485cam a22001934a 4500
005 20250605164308.0
008 250528s ||||||||||||||||||||||||d
035 _a22355
020 _a9789603440796
040 _aGR-AtMCL
_bgre
_dGR-AtMCL
_eAACR2
245 1 _aΔΙΑΓΝΩΣΗ: ΑΥΤΙΣΜΟΣ
250 _a5
260 _bΕλληνικά Γράμματα,
_c2009
300 _a213
700 1 _aGrandin Temple
_98210
942 _cBK
999 _c7408
_d7408